000 00279nam a2200121Ia 4500
008 140130s9999 xx 000 0 und d
245 _cRuby, Laura
_aLily's ghosts
260 _bScholastic,
_c2003
440 _v1
521 _aGrade 3 - Grade 5
942 _cBK
999 _c41033
_d41033